000 00922nam a2200265Ia 4500
003 OSt
005 20220923230959.0
006 a|||||r|||| 00| 0
007 ta
008 220922b |||||||| |||| 00| 0 hin d
024 _a331,647
037 _cTextual
040 _aARTS
_cARTS
_bhin
041 _2hin
_ahin
082 _aO152,1:gN, L2
100 _aरघुवंश, ले.
245 0 _aसमसामयिकता और आधुनिक हिन्दी कविता
246 _aSamasāmayikatā aur ādhunik hindī kavitā
260 _aआगरा
_b केन्द्रीय हिन्दी संस्थान
_c1972
300 _a85पृ.
_ccm.
650 _a हिन्दी साहित्य
_9156264
650 _aहिन्दी कविता
942 _hO152,1:gN, L2
_cTEXL
_2CC
999 _c388578
_d388578